000 00447nam a2200205Ia 4500
001 12828
003 GE_BSU
008 181216s||||||||xx |||||||||||||| ||und||
020 _a9780061474309
040 _cGE_BSU
080 _a821.111-312.4
100 _aSands,Lunsay.
245 4 _aThe Immortal Hunter.
260 _aNew York.
260 _bAvon.
260 _c2009
300 _a360p;18cm.
653 _aThe Immortal Hunter.
942 _cBK
999 _c45999
_d45999